000 00750cam a2200253 4500
001 ABS66677
008 030509n2003 000 0 eng u
035 _a(Sirsi) u122238
245 _aFocus 2003: Thames Valley
260 _c2003
490 _aEstates Gazette
_v(0316) 19 April 2003, 45-73(15)
590 _aABS
650 _aREADING
650 _aSLOUGH
650 _aMAIDENHEAD
650 _aHEATHROW
650 _aBRACKNELL
650 _aNEWBURY
650 _aPROPERTY-COMMERCIAL PROPERTY-OFFICE PROPERTY-OFFICE PROPERTY MARKET
650 _aPROPERTY-COMMERCIAL PROPERTY-RETAIL PROPERTY-RETAIL PROPERTY MARKET
650 _aINDUSTRIAL MARKET
690 _aPROPERTY-COMMERCIAL PROPERTY-COMMERCIAL PROPERTY MARKET
942 _n0
999 _c72648
_d72648